| 000 | 00503nam a2200205Ia 4500 | ||
|---|---|---|---|
| 008 | 180523s9999 xx 000 0 und d | ||
| 020 | _a81-902572-2-6 | ||
| 050 | _aMAIN G 156.5 | ||
| 050 | _b.E26P78 2006 | ||
| 100 | _aPruthi, R.K. | ||
| 245 | 0 | _aEcotourism / | |
| 245 | 0 | _cR.K. Pruthi. | |
| 260 | _aNew Delhi : | ||
| 260 | _bSaad Pub., | ||
| 260 | _c2006 | ||
| 300 | _a272 pages : | ||
| 300 | _c22 cm. | ||
| 500 | _aIncludes bibliographical references and index. | ||
| 650 | _aEcotourism. | ||
| 999 |
_c356665 _d356665 |
||